03164nab a2200349 i 4500003000900000005001700009008004100026040001800067072001400085100002700099100003100126100003600157100003100193100004000224100002400264100003500288100002600323100003800349100003200387100002200419245008300441500006800524520087200592520096201464650001102426650002702437650002502464650001602489650003602505773020702541856006602748BR-BrBNA20250701111024.0250701b2020 bl.tr|poo|||| 00| 0 eng | aBR-BrBNAbeng aF30b1112 aScherer, Ramon Felipe  aLichtemberg, Luiz Alberto  aMaro, Luana Aparecida Castilho  aBeltrame, André Boldrin  aKlabunde, Gustavo Henrique Ferrero  aSônego, Márcio  aPeruch, Luiz Augusto Martins  aAmorim, Edson Perito  aSerejo, Janay Almeida dos Santos  aFerreira, Cláudia Fortes  aHaddad, Fernando  aBRS SCS BELLUNA – a new banana cultivar for processing and fresh consumption a Publicação online; 15 ref.; 3 tables; Summaries (En, Pt) a Abstract – The new banana cultivar, BRS SCS Belluna (AAA), was developed by the Embrapa and Epagri banana breeding programs for processing and fresh consumption. It is noteworthy differentiated nutritional qualities, since its fruits are rich in fiber and have lower carbohydrate and caloric content when compared to fruits of the most traded subgroups in the country, Prata and Cavendish. ‘BRS SCS Belluna’ is also resistant to Panama disease and to Sigatoka disease complex, major plant health problems in Brazil. The cultivar has yield potential up to 40 t ha-1 under favorable environmental conditions. Thus, it is recommended to plant the ‘BRS SCS Belluna’ in the country, highlighting the state of Santa Catarina, where the studies were conducted. Index terms: Musa acuminata;plant breeding; clonal selection a Resumo – BRS SCS Belluna (AAA) é um novo cultivar de banana desenvolvido pelos programas de melhoramento de bananeira da Embrapa e da Epagri. Destacam-se neste cultivar qualidades nutricionais diferenciadas, uma vez que as suas frutas são ricas em fibras e apresentam menores conteúdos de carboidratos e de valores calóricos quando comparadas às frutas dos subgrupos mais comercializados no país, Prata e Cavendish. O cultivar BRS SCS Belluna é resistente ao Mal do Panamá e ao complexo de Sigatoka, principais problemas fitossanitários da bananicultura no Brasil. O cultivar ainda apresenta uma produtividade média que pode chegar a 40t ha-1 em condições ambientais favoráveis. Desta forma, recomenda-se o plantio do ‘BRS SCS Belluna’ no país, destacando-se o estado de Santa Catarina, local onde foram realizados os estudos. Termos para indexação: Musa acuminata;melhoramento de plantas; seleção clonal aBANANA aCONDIÇÃO AMBIENTAL aVARIEDADE RESISTENTE aSELEÇÃO aMELHORAMENTO GENÉTICO VEGETAL0 01813dFlorianópolis-SC Empresa de Pesquisa Agropecuária e Extensão Rural de Santa Catarina 1988-o2024-3824tAgropecuária Catarinense (Brazil)x0103-0779gv. 33(1) p. 32-37; (2020)wBR2025004017 uhttps://publicacoes.epagri.sc.gov.br/rac/article/view/532/702